Opatření federálního ministerstva financí, kterým se stanoví převod podvojného účetnictví z roku 1992 do roku 1993.

Úplný text opatrenia z 22.12.1992. Podrobný popis prevodu.

Guardado en:
Detalles Bibliográficos
Formato: Capítulo de libro
Lenguaje:checo
Materias:
Etiquetas: Agregar Etiqueta
Sin Etiquetas, Sea el primero en etiquetar este registro!

MARC

LEADER 00000naa a2200000 4500
001 r012149
005 20220826095035.1
041 0 |a cze 
044 |a CZ 
245 1 0 |a Opatření federálního ministerstva financí, kterým se stanoví převod podvojného účetnictví z roku 1992 do roku 1993. 
520 |a Úplný text opatrenia z 22.12.1992. Podrobný popis prevodu. 
610 2 0 |a účtovníctvo podvojné 
610 2 0 |a 1992 
610 2 0 |a 1993 
610 2 0 |a ČSFR 
610 2 0 |a dokumenty vládne 
610 2 0 |a organizácie rozpočtové 
610 2 0 |a organizácie príspevkové 
610 2 0 |a obce